[Event "Hamilton Williams Memorial"]
[Site "Hamilton"]
[Date "2018.12.04"]
[Round "6"]
[White "Warren, Jamel"]
[Black "Cabral, Daniel"]
[Result "1-0"]
[WhiteElo "1580"]
[BlackElo "1641"]
[PlyCount "69"]
[EventDate "2018.10.23"]
[EventType "swiss"]
[EventRounds "6"]
[EventCountry "BER"]
[SourceTitle "EXT 2024"]
[Source "ChessBase"]
[SourceDate "2023.10.10"]
[SourceVersion "1"]
[SourceVersionDate "2023.10.10"]
[SourceQuality "1"]

1. e4 c5 2. Nf3 d6 3. d4 cxd4 4. Nxd4 Nf6 5. Nc3 a6 6. Bd3 e5 7. Nf3 h6 8. 0-0 Be7 9. Nd5 Nxd5 10. exd5 0-0 11. c4 f5 12. Bc2 Nd7 13. b4 Qc7 14. Bb3 Kh7 15. Re1 Nf6 16. Bb2 Ne4 17. Nd2 Qb6 18. Nxe4 fxe4 19. Qe2 Bg4 20. Qxg4 Qxf2+ 21. Kh1 Qxb2 22. Qxe4+ Kh8 23. Bc2 Kg8 24. Qh7+ Kf7 25. Bg6+ Kf6 26. h4 e4 27. Rf1+ Ke5 28. Rfe1 Kf4 29. Bxe4 Bxh4 30. Rf1+ Kg3 31. Qg6+ Bg5 32. Qxd6+ Rf4 33. Rf3+ Kg4 34. Qe6+ Kh5 35. Bg6+ 1-0

[Event "Olympiad-43"]
[Site "Batumi"]
[Date "2018.10.03"]
[Round "9.4"]
[White "Cabral, Daniel"]
[Black "Diallo, Djibril"]
[Result "0-1"]
[WhiteElo "1618"]
[BlackElo "1648"]
[PlyCount "28"]
[EventDate "2018.09.24"]
[EventType "team-swiss"]
[EventRounds "11"]
[EventCountry "GEO"]
[SourceTitle "CBM 187"]
[Source "ChessBase"]
[SourceDate "2018.12.11"]
[SourceVersion "1"]
[SourceVersionDate "2018.12.11"]
[SourceQuality "1"]
[WhiteTeam "Bermuda"]
[BlackTeam "Mali"]
[WhiteTeamCountry "BER"]
[BlackTeamCountry "MLI"]

1. e4 e6 2. d4 d5 3. e5 c5 4. c3 Nc6 5. Nf3 cxd4 6. cxd4 Bb4+ 7. Nc3 Qb6 8. Bd3 Bd7 9. Be3 Qa5 10. Qb3 Nxd4 11. Nxd4 Ba4 12. Bb5+ Bxb5 13. Ndxb5 Qxb5 14. Qc4 Qa4 0-1

[Event "BER-ch"]
[Site "Hamilton"]
[Date "2018.06.12"]
[Round "7"]
[White "Flanagan, Mark"]
[Black "Cabral, Daniel"]
[Result "1-0"]
[WhiteElo "1848"]
[BlackElo "1622"]
[PlyCount "71"]
[EventDate "2018.05.01"]
[EventType "swiss"]
[EventRounds "7"]
[EventCountry "BER"]
[SourceTitle "EXT 2024"]
[Source "ChessBase"]
[SourceDate "2023.10.10"]
[SourceVersion "1"]
[SourceVersionDate "2023.10.10"]
[SourceQuality "1"]

1. g3 g6 2. Bg2 Bg7 3. c4 c5 4. Nc3 Nc6 5. d3 d6 6. e4 Nf6 7. Nge2 0-0 8. 0-0 Rb8 9. Rb1 a6 10. f4 Bg4 11. h3 Bxe2 12. Nxe2 b5 13. e5 Nxe5 14. fxe5 dxe5 15. Be3 Qc7 16. Qc2 b4 17. Qa4 Rbd8 18. Qc2 Rd6 19. Rbd1 Rfd8 20. Nc1 Nd7 21. Nb3 a5 22. Qf2 Rf6 23. Qe2 Rd6 24. g4 a4 25. Nd2 Nf8 26. Ne4 Rc6 27. Qf2 f6 28. Nxc5 Rxc5 29. Bxc5 b3 30. Bb6 Qd7 31. Bxd8 Qxd8 32. Be4 Kh8 33. axb3 axb3 34. Kh1 Ne6 35. Ra1 h6 36. Ra8 1-0

[Event "BER-ch"]
[Site "Hamilton"]
[Date "2018.05.15"]
[Round "3"]
[White "Casanova, Rey"]
[Black "Cabral, Daniel"]
[Result "0-1"]
[WhiteElo "1676"]
[BlackElo "1622"]
[PlyCount "112"]
[EventDate "2018.05.01"]
[EventType "swiss"]
[EventRounds "7"]
[EventCountry "BER"]
[SourceTitle "EXT 2024"]
[Source "ChessBase"]
[SourceDate "2023.10.10"]
[SourceVersion "1"]
[SourceVersionDate "2023.10.10"]
[SourceQuality "1"]

1. e4 c5 2. Nf3 d6 3. Bb5+ Bd7 4. Bxd7+ Qxd7 5. d4 cxd4 6. Nxd4 Nf6 7. Nc3 Nc6 8. 0-0 d5 9. exd5 Nxd5 10. Nxd5 Qxd5 11. Be3 e6 12. c3 Be7 13. Qg4 0-0 14. Bh6 Bf6 15. Nxc6 Qxc6 16. Be3 Rfd8 17. h4 Rd5 18. h5 b5 19. Bh6 Kh8 20. Be3 a5 21. a3 Rad8 22. Rfd1 Qc4 23. Qf3 a4 24. h6 Kg8 25. hxg7 Bxg7 26. Rxd5 Rxd5 27. Rd1 Rxd1+ 28. Qxd1 Qd5 29. Qxd5 exd5 30. Kf1 Kf8 31. Ke2 Ke7 32. g4 Ke6 33. f4 h6 34. Kd3 Kd6 35. f5 f6 36. Bd4 Kc6 37. Kc2 Kd6 38. b3 Kc6 39. b4 Kd7 40. Kd3 Ke7 41. Bc5+ Kd7 42. Ke3 Kc7 43. Kf3 Kd7 44. Kg3 Ke8 45. Kh4 Bf8 46. Be3 Bd6 47. Kh5 Kf7 48. Kh4 Be5 49. Bxh6 Bxc3 50. Bc1 d4 51. Kg3 d3 52. g5 d2 53. g6+ Kg7 54. Bxd2 Bxd2 55. Kf3 Bc1 56. Ke2 Bxa3 0-1

[Event "Hamilton The Joe Lattyak"]
[Site "Hamilton"]
[Date "2017.09.26"]
[Round "4"]
[White "Cabral, Daniel"]
[Black "Lill, Sami"]
[Result "0-1"]
[WhiteElo "1850"]
[BlackElo "1613"]
[PlyCount "70"]
[EventDate "2017.09.05"]
[EventType "swiss"]
[EventRounds "5"]
[EventCountry "BER"]
[SourceTitle "EXT 2024"]
[Source "ChessBase"]
[SourceDate "2023.10.10"]
[SourceVersion "1"]
[SourceVersionDate "2023.10.10"]
[SourceQuality "1"]

1. e4 e5 2. Nf3 f5 3. Nxe5 Qf6 4. d4 d6 5. Nc4 fxe4 6. Nc3 Qg6 7. Ne3 Nf6 8. Bc4 c6 9. Be2 d5 10. 0-0 Bd6 11. Ncxd5 cxd5 12. Nxd5 0-0 13. Bc4 Kh8 14. Bf4 Nxd5 15. Bxd6 Qxd6 16. c3 Nc6 17. Rc1 Bg4 18. Qc2 Nf6 19. Rfe1 Rae8 20. Re3 Nh5 21. Rce1 Ne7 22. Qxe4 Nf6 23. Qxb7 Nf5 24. Rxe8 Rxe8 25. Rxe8+ Nxe8 26. Qc8 Qg6 27. Bd3 Bh3 28. Be4 Nfd6 29. Bxg6 Bxc8 30. Bd3 Nf6 31. Kf1 Kg8 32. h3 Kf7 33. Ke2 Be6 34. b3 Nfe4 35. f3 Nxc3+ 0-1

[Event "Hamilton The Joe Lattyak"]
[Site "Hamilton"]
[Date "2017.09.19"]
[Round "3"]
[White "Cabral, Daniel"]
[Black "Mufandaedza, Moses"]
[Result "0-1"]
[WhiteElo "1613"]
[BlackElo "1924"]
[PlyCount "78"]
[EventDate "2017.09.05"]
[EventType "swiss"]
[EventRounds "5"]
[EventCountry "BER"]
[SourceTitle "EXT 2024"]
[Source "ChessBase"]
[SourceDate "2023.10.10"]
[SourceVersion "1"]
[SourceVersionDate "2023.10.10"]
[SourceQuality "1"]

1. e4 e5 2. Nf3 Nf6 3. Nxe5 d6 4. Nf3 Nxe4 5. Nc3 Nxc3 6. dxc3 Be7 7. Be3 a5 8. Qd2 0-0 9. Bd3 Nc6 10. 0-0 Be6 11. Ng5 Bxg5 12. Bxg5 f6 13. Bh4 Ne5 14. Be2 Qe8 15. Rfe1 Qf7 16. b3 Kh8 17. f4 Ng6 18. Bf2 Qd7 19. Bd3 Bf7 20. Re2 Rfe8 21. Rae1 Rxe2 22. Rxe2 Re8 23. g3 a4 24. c4 h5 25. Be4 Qg4 26. Re1 Nh4 27. Bxb7 axb3 28. Rxe8+ Bxe8 29. cxb3 c6 30. Qd3 Bg6 31. Qxd6 Be4 32. Kf1 Nf5 33. Qd2 Qf3 34. Bc8 Bd3+ 35. Kg1 Nd4 36. Qe3 Ne2+ 37. Kf1 Nxf4+ 38. Ke1 Ng2+ 39. Kd2 Nxe3 0-1

[Event "Hamilton The Bermuda Longtail"]
[Site "Hamilton"]
[Date "2017.02.07"]
[Round "1"]
[White "Cabral, Daniel"]
[Black "Casanova, Rey"]
[Result "1-0"]
[WhiteElo "1527"]
[BlackElo "1696"]
[PlyCount "165"]
[EventDate "2017.02.07"]
[EventType "swiss"]
[EventRounds "6"]
[EventCountry "BER"]
[SourceTitle "EXT 2024"]
[Source "ChessBase"]
[SourceDate "2023.10.10"]
[SourceVersion "1"]
[SourceVersionDate "2023.10.10"]
[SourceQuality "1"]

1. e4 e5 2. Nf3 Nc6 3. Bb5 d6 4. d4 a6 5. Bxc6+ bxc6 6. dxe5 Bg4 7. 0-0 Bxf3 8. Qxf3 dxe5 9. Be3 Bd6 10. Nd2 Ne7 11. Rad1 0-0 12. Nc4 f5 13. Nxe5 Qc8 14. Bd4 c5 15. Qb3+ Kh8 16. Bc3 Bxe5 17. Bxe5 fxe4 18. Qc3 Qg4 19. h3 Qg5 20. Rfe1 Rad8 21. Qxc5 Rxd1 22. Rxd1 h6 23. Bd4 Rf5 24. Qxc7 Nd5 25. Qg3 Qe7 26. Re1 Rg5 27. Qb3 h5 28. Be3 Rf5 29. Rd1 Nf6 30. Qb8+ Kh7 31. Rd8 a5 32. h4 Ng4 33. Rh8+ Kg6 34. Qe8+ Qxe8 35. Rxe8 Rd5 36. Kf1 Nf6 37. Ra8 Ng4 38. Ke2 Ne5 39. Bd2 Nc4 40. Bc3 Kf5 41. b3 Na3 42. Bxa5 Nxc2 43. Bc3 g6 44. g3 Ke6 45. Ra6+ Kf7 46. Rf6+ Ke7 47. Rxg6 Na3 48. Ke3 Rd3+ 49. Kxe4 Rxc3 50. Rg5 Rc2 51. f4 Rxa2 52. Ra5 Ra1 53. Kf5 Rg1 54. Rxa3 Rxg3 55. Ra7+ Kd6 56. b4 Kc6 57. Ra6+ Kb5 58. Rg6 Rb3 59. Rg5 Rxb4 60. Rxh5 Kc6 61. Rh6+ Kd7 62. Re6 Rb5+ 63. Kf6 Rh5 64. Re7+ Kd8 65. Re2 Rxh4 66. f5 Rf4 67. Kg5 Rf1 68. Kg6 Rg1+ 69. Kf6 Rf1 70. Kg6 Rg1+ 71. Kf7 Rf1 72. f6 Rg1 73. Kf8 Rd1 74. f7 Rg1 75. Re4 Kd7 76. Re7+ Kd8 77. Re4 Kd7 78. Rd4+ Kc7 79. Ke7 Re1+ 80. Kf6 Rf1+ 81. Ke6 Re1+ 82. Kf5 Rf1+ 83. Rf4 1-0

[Event "Hamilton The Joe Lattyak"]
[Site "Hamilton"]
[Date "2016.11.20"]
[Round "6"]
[White "Cabral, Daniel"]
[Black "Thomas, Jack"]
[Result "1-0"]
[WhiteElo "1600"]
[BlackElo "1500"]
[PlyCount "93"]
[EventDate "2016.10.11"]
[EventType "swiss"]
[EventRounds "6"]
[EventCountry "BER"]
[SourceTitle "EXT 2024"]
[Source "ChessBase"]
[SourceDate "2023.10.10"]
[SourceVersion "1"]
[SourceVersionDate "2023.10.10"]
[SourceQuality "1"]

1. e4 d5 2. exd5 Qxd5 3. Nf3 Bg4 4. Be2 Nc6 5. d4 0-0-0 6. 0-0 Nf6 7. h3 Bh5 8. c4 Qf5 9. Bd3 Qd7 10. d5 Nb4 11. Be2 Qf5 12. Nd4 Bxe2 13. Qxe2 Qg6 14. Nc3 e6 15. Be3 exd5 16. a3 Nd3 17. Rfd1 dxc4 18. Ndb5 Bc5 19. Bxc5 Nxc5 20. Qxc4 Nfd7 21. Rxd7 Rxd7 22. Qxc5 Rhd8 23. Nxa7+ Kb8 24. Nab5 b6 25. Qc4 Qc2 26. Kh2 Kb7 27. Qb4 Qxf2 28. Qe4+ c6 29. Na4 g5 30. Rc1 Qf4+ 31. Qxf4 gxf4 32. Nbc3 Rd2 33. Ne4 R2d4 34. Nac3 f5 35. Ng5 R8d7 36. Nf3 R4d6 37. Re1 h6 38. Kg1 Rg6 39. Kf2 Rdg7 40. Rg1 Re6 41. Nd4 Re3 42. Nxf5 Rxc3 43. bxc3 Rg6 44. Re1 Ka6 45. Kf3 Ka5 46. Re4 c5 47. Rxf4 1-0

[Event "Hamilton The Joe Lattyak"]
[Site "Hamilton"]
[Date "2016.10.30"]
[Round "3"]
[White "Trott, Raymond"]
[Black "Cabral, Daniel"]
[Result "1/2-1/2"]
[WhiteElo "1651"]
[BlackElo "1600"]
[PlyCount "75"]
[EventDate "2016.10.11"]
[EventType "swiss"]
[EventRounds "6"]
[EventCountry "BER"]
[SourceTitle "EXT 2024"]
[Source "ChessBase"]
[SourceDate "2023.10.10"]
[SourceVersion "1"]
[SourceVersionDate "2023.10.10"]
[SourceQuality "1"]

1. f4 d5 2. d4 Nf6 3. Nf3 c5 4. c3 cxd4 5. cxd4 Nc6 6. e3 Bf5 7. Be2 e6 8. 0-0 Bd6 9. Ne5 Bxe5 10. fxe5 Ne4 11. Nc3 0-0 12. Nxe4 Bxe4 13. Bd2 Rc8 14. Bf3 Bg6 15. Qe1 f6 16. exf6 Rxf6 17. Qg3 Qe7 18. h4 h6 19. h5 Bh7 20. a3 a5 21. Rac1 b6 22. Rfe1 Qd7 23. Bc3 Ne7 24. e4 dxe4 25. Bxe4 Bxe4 26. Rxe4 Nf5 27. Qf4 Re8 28. d5 exd5 29. Rxe8+ Qxe8 30. Re1 Re6 31. Rf1 d4 32. Qxf5 dxc3 33. bxc3 Re5 34. Qf3 Re3 35. Qd5+ Kh8 36. Qd6 Kh7 37. Qxb6 Rxc3 38. Qb1+ 1/2-1/2